000 00210nam a22000857a 4500
008 161228b xxu||||| |||| 00| 0 eng d
100 _92219
_aJacob.a etal
245 _aScience -Lab-IX
260 _aNew Delhi
_bAPC
_c2011
999 _c5107
_d5107